Lloyd's maritime directory : 1998
Αποθηκεύτηκε σε:
| Συγγραφή απο Οργανισμό/Αρχή: | |
|---|---|
| Μορφή: | Βιβλίο |
| Γλώσσα: | English |
| Δημοσίευση: |
London :
Lloyd's of London Press,
c1998
|
| Θέματα: | |
| Ετικέτες: |
Προσθήκη ετικέτας
Δεν υπάρχουν, Καταχωρήστε ετικέτα πρώτοι!
|
MARC
| LEADER | 00000nam a2200000 i 4500 | ||
|---|---|---|---|
| 001 | 1/65771 | ||
| 008 | 990112s1998 eng d | ||
| 020 | |a 1859780725 | ||
| 035 | |l 10047191 | ||
| 040 | |a GR-MY-UA |b gre |e aacr | ||
| 041 | 0 | |a eng | |
| 082 | 0 | |a Π 387.2025 | |
| 110 | 2 | |a Lloyd's of London Press, Ltd. | |
| 245 | 1 | 0 | |a Lloyd's maritime directory : |b 1998 / |c Loyd's of London Press |
| 260 | |a London : |b Lloyd's of London Press, |c c1998 | ||
| 300 | |a 2v (xxviii, 856 p.) + index to vessels + index to shipowners/managers/operators | ||
| 500 | |a v.1: shipowners/managers/operators, v.2: towage, salvage & offshore services, ... port authorities | ||
| 650 | 0 | 0 | |a Shipping |x Directories. |
| 650 | 0 | 0 | |a Shipbuilding |x Directories. |
| 852 | |a INST |b CHIOS |e 19990112 |h 387.2025 LLO |p 005200015102 |q 005200015102 |t REF |y 23 |z v.1 | ||
| 852 | |a INST |b CHIOS |e 19990112 |h 387.2025 LLO |p 005200015103 |q 005200015103 |t REF |y 23 |z v.2 | ||
| 852 | |a INST |b CHIOS |e 19990112 |h 387.2025 LLO |p 005200015102 |q 005200015102 |t REF |v v.1: |y 23 |z v.1 | ||
| 852 | |a INST |b CHIOS |e 19990112 |h 387.2025 LLO |p 005200015103 |q 005200015103 |t REF |v v.2: |y 23 |z v.2 | ||
| 853 | |a INST |b CHIOS |h 387.2025 LLO | ||
| 901 | |a BIBL-1999-1 | ||
| 909 | |a Χ |b 061956 | ||
| 909 | |a X |b 061957 | ||
| 922 | |a 2ΕΛΗ |b 199901 |c ΤΝΕΥ |d ΠΑΠΑΣΩΤΗΡΙΟΥ | ||